Responses for show #1552 - Tuesday, May 7, 1991

1991 College Championship quarterfinal game 2.

Contestants

Maureen McIvor, a senior from Georgetown University

Tim Lakin, a sophomore from Northwestern University

Kimberly Bartlett, a senior from the University of Alabama

Jeopardy! Round responses

MAGAZINES
INVENTIONS
LETTER PERFECT
NEW TESTAMENT
FEATHERED FRIENDS
STEVE MARTIN MOVIES
    $100 19
Sports Illustrated

Maureen
    $100 14
a sewing machine

Kimberly
    $100 6
X

Kimberly
    $100 11
loaves & fishes

Kimberly
    $100 25
an ostrich

Kimberly
    $100 1
Parenthood

Tim
    $200 21
heavy metal music

Tim
    $200 15
(Tim: Who is Thomas Edison?)

(Alexander Graham) Bell

KimberlyTim
    $200 7
S

Tim
    $200 12
Satan

Kimberly
    $200 27
the bald eagle

Maureen
    $200 2
Roxanne

Tim
    $300 22
the Smithsonian

Tim
    $300 16
(Tim: Who is Mosconi?)

Marconi

TimMaureen
    $300 8
L

Tim
    $300 13
King Herod (Antipas)

Tim
    $300 28
a pouch

Tim
    $500 3
Martin Short & Chevy Chase

Tim
    $400 23
Lincoln Center

Kimberly
    $400 18
(Tim: What is the laser?)

the maser

Tim
Triple Stumper
    $400 9
A

Maureen
    $400 17
the tongue

Tim
    $400 29
duck

Triple Stumper
    $400 4
Thanksgiving

Tim
    $500 24
Dance

Tim
    $500 26
shoes

Triple Stumper
    $500 10
(Alex: For piano.)

P

Maureen
    $500 20
Paul

Maureen
    $500 30
raven

Tim
    $500 5
(Alex: And you did well in the category.)
[Applause]
(Alex: There are no more Steve Martin movies.)
(Tim: Aw, that's too bad.)

Victoria Tennant

Tim

Scores at the first commercial break (after clue 15):

Kimberly Tim Maureen
$700 $2,300 $900

Scores at the end of the Jeopardy! Round:

Kimberly Tim Maureen
$1,200 $3,800 $2,000

Double Jeopardy! Round responses

MEDICINE
1988
HOLIDAYS & OBSERVANCES
WORLD CITIES
TRANSPORTATION
NURSERY RHYME OBJECTS
    $200 26
da Vinci

Maureen
    $200 1
Russia (the Soviet Union)

Kimberly
    $200 16
St. Patrick's Day

Tim
    $200 8
Madrid

Kimberly
    $200 21
chariots

Tim
    $200 6
her cupboard

Tim
    $400 27
transplants

Tim
    $400 2
Noriega

Kimberly
    $400 17
April Fools' Day

Tim
    $400 9
Marseille

Kimberly
    $400 22
the Corvette

Tim
    $400 7
a spoon

Maureen
    $600 28
the lungs

Tim
    $600 3
(Tim: What is Egypt?)
(Kimberly: What is Israel?)

Jordan

KimberlyTimMaureen
    $2,000 18
Bastille Day (July 14th)

Tim
    $900 10
Istanbul

Kimberly
    $600 23
UPS

Maureen
    $600 13
the pot

Tim
    $800 29
the Hippocratic Oath

Maureen
    $800 4
Pinochet

Maureen
    $800 19
October

Triple Stumper
    $800 11
(Tim: What is Rio de Janeiro?)

Sao Paulo

KimberlyTim
    $800 24
the National Road

Triple Stumper
    $800 14
a tuffet

Kimberly
    $1000 30
nitrous oxide

Tim
    $1000 5
Peary

Tim
    $1000 20
Boxing Day

Tim
    $1000 12
Guadalajara

Kimberly
    $1000 25
a prairie schooner

Tim
    $1000 15
the diamond ring

Kimberly

Scores at the end of the Double Jeopardy! Round:

Kimberly Tim Maureen
$6,300 $11,400 $5,400

Final Jeopardy! Round responses

AMERICAN HISTORY
(Alex: Obviously, this person signed a lot of things; did he ever pick up the check though, sign his name there?)
MaureenWho was Madison?
$0
KimberlyWho is Benjamin Franklin?
$6,300
TimWho was Ben Franklin?
$1,500
Benjamin Franklin

Final scores:

Kimberly Tim Maureen
$12,600 $12,900 $5,400
2nd place: $1,000 if eliminated Automatic semifinalist 3rd place: $1,000 if eliminated

Game dynamics:

Coryat scores:

Kimberly Tim Maureen
$6,000 $9,800 $5,400
16 R
(including 1 DD),
1 W
27 R
(including 2 DDs),
5 W
12 R,
0 W

Combined Coryat: $21,200

The J! Archive is created by fans, for fans. The Jeopardy! game show and all elements thereof, including but not limited to copyright and trademark thereto, are the property of Jeopardy Productions, Inc. and are protected under law. This website is not affiliated with, sponsored by, or operated by Jeopardy Productions, Inc. Join the discussion at JBoard.tv.